Collective genius : (Record no. 156822)
[ view plain ]
| 000 -LEADER | |
|---|---|
| fixed length control field | 01185cam a2200325 i 4500 |
| 001 - CONTROL NUMBER | |
| control field | vtls003257758 |
| 003 - CONTROL NUMBER IDENTIFIER | |
| control field | MY-SjTCS |
| 005 - DATE AND TIME OF LATEST TRANSACTION | |
| control field | 20200226115952.0 |
| 008 - FIXED-LENGTH DATA ELEMENTS--GENERAL INFORMATION | |
| fixed length control field | 141010t20142014maua b 001 0 eng |
| 020 ## - INTERNATIONAL STANDARD BOOK NUMBER | |
| International Standard Book Number | 9781422130025 (hardback) |
| 039 #9 - LEVEL OF BIBLIOGRAPHIC CONTROL AND CODING DETAIL [OBSOLETE] | |
| Level of rules in bibliographic description | 201809071359 |
| Level of effort used to assign nonsubject heading access points | VLOAD |
| Level of effort used to assign subject headings | 201505051138 |
| Level of effort used to assign classification | pushpa |
| Level of effort used to assign subject headings | 201504131330 |
| Level of effort used to assign classification | malathy |
| -- | 201410101359 |
| -- | malathy |
| 040 ## - CATALOGING SOURCE | |
| Description conventions | rda |
| 082 04 - DEWEY DECIMAL CLASSIFICATION NUMBER | |
| Classification number | 658.4092 |
| Item number | HIL 2014 |
| 100 1# - MAIN ENTRY--PERSONAL NAME | |
| Personal name | Hill, Linda A. |
| Fuller form of name | (Linda Annette), |
| Dates associated with a name | 1956- |
| 9 (RLIN) | 23824 |
| 245 10 - TITLE STATEMENT | |
| Title | Collective genius : |
| Remainder of title | the art and practice of leading innovation / |
| Statement of responsibility, etc. | Linda A. Hill, Greg Brandeau, Emily Truelove, Kent Lineback. |
| 264 #1 - PRODUCTION, PUBLICATION, DISTRIBUTION, MANUFACTURE, AND COPYRIGHT NOTICE | |
| Place of production, publication, distribution, manufacture | Boston, Massachusetts : |
| Name of producer, publisher, distributor, manufacturer | Harvard Business Review Press, |
| Date of production, publication, distribution, manufacture, or copyright notice | [2014] |
| 264 #4 - PRODUCTION, PUBLICATION, DISTRIBUTION, MANUFACTURE, AND COPYRIGHT NOTICE | |
| Date of production, publication, distribution, manufacture, or copyright notice | ©2014. |
| 300 ## - PHYSICAL DESCRIPTION | |
| Extent | xi, 298 pages : |
| Other physical details | illustrations ; |
| Dimensions | 25 cm |
| 336 ## - CONTENT TYPE | |
| Content type term | text |
| Source | rdacontent |
| 337 ## - MEDIA TYPE | |
| Media type term | unmediated |
| Source | rdamedia |
| 338 ## - CARRIER TYPE | |
| Carrier type term | volume |
| Source | rdacarrier |
| 504 ## - BIBLIOGRAPHY, ETC. NOTE | |
| Bibliography, etc. note | Includes bibliographical references and index. |
| 650 #0 - SUBJECT ADDED ENTRY--TOPICAL TERM | |
| Topical term or geographic name entry element | Leadership. |
| 650 #0 - SUBJECT ADDED ENTRY--TOPICAL TERM | |
| Topical term or geographic name entry element | Organizational behavior. |
| 650 #0 - SUBJECT ADDED ENTRY--TOPICAL TERM | |
| Topical term or geographic name entry element | Technological innovations. |
| 700 1# - ADDED ENTRY--PERSONAL NAME | |
| Personal name | Brandeau, Greg |
| 9 (RLIN) | 74017 |
| 700 1# - ADDED ENTRY--PERSONAL NAME | |
| Personal name | Truelove, Emily |
| 9 (RLIN) | 74018 |
| 700 1# - ADDED ENTRY--PERSONAL NAME | |
| Personal name | Lineback, Kent, |
| Dates associated with a name | 1943- |
| 9 (RLIN) | 59152 |
| 920 ## - Programme | |
| Programme | CAL : 213888 |
| Withdrawn status | Lost status | Source of classification or shelving scheme | Damaged status | Not for loan | Home library | Current library | Date acquired | Total Checkouts | Barcode | Date last seen | Date last checked out | Copy number | Uniform Resource Identifier | Koha item type | Public note |
|---|---|---|---|---|---|---|---|---|---|---|---|---|---|---|---|
| Dewey Decimal Classification | Taylor's Library-TC | Taylor's Library-TC | 09/01/2015 | 1 | 5000157911 | 05/12/2019 | 15/12/2015 | 1 | Floor 4, Shelf 40 , Side 1, TierNo 5, BayNo 2 | Main Collection | CALxx,03000,03,CL |